Relatos del mundo indígena (Registro nro. 437116)

Detalles MARC
000 -LÍDER
Campo fijo de descripción fija 00884nam a22002417a 4500
003 - IDENTIFICADOR DEL NÚMERO DE CONTROL
Campo de control BCEG
005 - FECHA Y HORA DE LA ULTIMA TRANSACCIÓN
control field 20260320114641.0
008 - ELEMENTOS DE LONGITUD FIJA -- INFORMACIÓN GENERAL
Campo fijo de descripción fija -- Información general 260320s1982 mx|||||| |||| 00| 0 spa d
020 ## - ISBN
Isbn 9681313070
040 ## - FUENTE DE CATALOGACIÓN
Agencia de catalogación original BCEG
Idioma de catalogación spa
Agencia que realiza la transcripción BCEG
082 04 - CLASIFICACIÓN
Número de clasificación WJ086.1
Número de cutter S479 [v. 321]
245 00 - TÍTULO PROPIAMENTE DICHO
Título Relatos del mundo indígena
Otra información sobre el título - Subtitulo : antología.
260 ## - PUBLICACIÓN, DISTRIBUCIÓN, ETC. (PIE DE IMPRENTA)
Lugar de publicación, distribución, etc. México :
Nombre del editor, distribuidor, etc. Secretaría de Educación Pública,
Fecha de publicación, distribución, etc. 1982.
300 ## - DESCRIPCIÓN FÍSICA
Extensión 138 p.
Otros detalles físicos : il.
490 ## - MENCIÓN DE SERIE
Mención de serie SepSetentas ;
Designación numérica/secuencial del volumen 321.
506 ## - NOTA DE RESTRICCIONES DE ACCESO
Términos que controlan el acceso Para uso exclusivo en sala de Fondos Especiales; Requiere autorización para reproducción.
Autorización Reglamento de la Sala de Fondos Especiales.
535 ## - NOTA DE UBICACIÓN DE ORIGINALES
Custodio Disponible en Colección Wigberto Jiménez Moreno.
650 14 - ASIENTO SECUNDARIO DE MATERIA - TERMINO TEMÁTICO
Término temático o nombre geográfico como elemento de entrada Indios de México
Subdivisión general Leyendas
Subdivisión de forma Antología.
700 1# - ASIENTO SECUNDARIO - NOMBRE PERSONAL
Nombre personal Colombres, Adolfo,
Fechas asociadas con el nombre 1944-,
Función o responsabilidad del autor comp.
700 1# - ASIENTO SECUNDARIO - NOMBRE PERSONAL
Nombre personal Soto, José Luis,
Función o responsabilidad del autor il.
700 1# - ASIENTO SECUNDARIO - NOMBRE PERSONAL
Nombre personal Hernández Moreno, Jorge,
Función o responsabilidad del autor pres.
942 ## - TIPO DE MATERIAL (KOHA)
Tipo de Item KOHA Libro
Existencias
No para Préstamo Colección Biblioteca de Origen Biblioteca Permanente Fecha de Adquisición Fuente de Adquisicion Total de Préstamos Signatura Topográfica Código de Barras Última vez visto Tipo de Material
Material en Reserva Fondos Especiales Biblioteca Central Estatal de Guanajuato, "Wigberto Jiménez Moreno" Biblioteca Central Estatal de Guanajuato, "Wigberto Jiménez Moreno" 20/03/2026 DONAD   WJ086.1 S479 [v. 321] BCEG8655220911 20/03/2026 Libro